[Event "New Delhi Matrix Cup 4th"]
[Site "New Delhi"]
[Date "2025.01.06"]
[Round "7"]
[White "Akshat, Negi"]
[Black "Chitrak, Naha"]
[Result "1-0"]
[WhiteElo "1862"]
[BlackElo "1714"]
[PlyCount "59"]
[EventDate "2025.01.03"]
[EventType "swiss"]
[EventRounds "9"]
[EventCountry "IND"]
[SourceTitle "CB03_2025"]
[SourceDate "2025.01.15"]
[SourceVersion "1"]
[SourceVersionDate "2025.01.15"]
[SourceQuality "1"]

1. e4 c5 2. Nf3 d6 3. Bb5+ Nd7 4. 0-0 a6 5. Bd3 Ngf6 6. c3 g6 7. Bc2 Bg7 8. d4 cxd4 9. cxd4 0-0 10. Nc3 e5 11. h3 b5 12. Bg5 Qc7 13. Rc1 Qb8 14. Qd2 Bb7 15. a3 Re8 16. dxe5 dxe5 17. Be3 Bc6 18. Bb3 Qb7 19. Rfd1 Rad8 20. Ng5 Rf8 21. Nd5 Bxd5 22. exd5 e4 23. Ne6 Ne5 24. Rc7 Qb8 25. Ba7 Qa8 26. Nxf8 Bxf8 27. Qf4 Bd6 28. Qxf6 Bxc7 29. Bd4 Qb8 30. d6 1-0

[Event "Vijayawad op"]
[Site "Vijayawad"]
[Date "2024.10.25"]
[Round "7"]
[White "Lokesh, N1."]
[Black "Akshat, Negi"]
[Result "1-0"]
[WhiteElo "2232"]
[BlackElo "1863"]
[PlyCount "72"]
[EventDate "2024.10.22"]
[EventType "swiss"]
[EventRounds "9"]
[EventCountry "IND"]
[SourceTitle "CB16_2025"]
[SourceDate "2025.04.16"]
[SourceVersion "1"]
[SourceVersionDate "2025.04.16"]
[SourceQuality "1"]

1. e4 e5 2. Nf3 Nc6 3. Bc4 Bc5 4. 0-0 Nf6 5. d3 d6 6. c3 a6 7. a4 Ba7 8. b4 h6 9. Nbd2 0-0 10. h3 Ne7 11. Re1 Ng6 12. Nf1 Nh5 13. d4 Qf6 14. N1h2 Nhf4 15. Bf1 Bb6 16. a5 Ba7 17. Ng4 Bxg4 18. hxg4 Rfe8 19. Be3 exd4 20. Bxd4 Qe6 21. g5 h5 22. Bxa7 Rxa7 23. Nd4 Qe7 24. Nf5 Qe5 25. Re3 h4 26. Qg4 Ne6 27. Rf3 d5 28. exd5 Qxd5 29. Re1 Ne5 30. Rxe5 Qxe5 31. Qxh4 Nf8 32. Re3 Qxf5 33. Rxe8 Qd7 34. Rxf8+ Kxf8 35. Qh8+ Ke7 36. Qb8 Ra8 1-0